00314nam a2200121 a 45000010005000000030005000050050017000100080041000270400026000681000021000942450059001152600018001743375CDMR20130116135243.0130130s1996||||||||||||||||||||||||||||d  aCDMRbcatcCPC GIRONA1 aFarràs, Andreu10aRocabL'últim segoncFarràs, Andreu ,  Soler, Toni  c1996bColumna